00688nam a2200205 a 450000100100000000500170001000800410002702000180006804000250008608200130011124501120012426000560023630000290029250400250032170000300034670000280037670000320040470000230043670000230045900004140120201002034845.0131002s2008 uy o 000 0 spa d a9789974550292 aDO-SdBNPbspacBNPHU axxxbxxx03aLa guerra del Paraguay en fotografías. /cAlberto del Pino Menck, [et.al.]; prólogo, Tomás de Mattos. aMontevideo, Uruguay, :bBiblioteca nacional,c2008. a224 p. :bfot. ;c21 cm. aBibliografía p: 231 aMattos, Tomás deeprol.1 aPino Menck, Alberto del1 aFernández Labeque, Alicia1 aGargiulo, Graciela1 aVilla, Oscar Jorge